Principles of business law / (Record no. 84335)
[ view plain ]
| 000 -LEADER | |
|---|---|
| fixed length control field | 00804pam a2200253 a 4500 |
| 001 - CONTROL NUMBER | |
| control field | vtls003152331 |
| 003 - CONTROL NUMBER IDENTIFIER | |
| control field | MY-SjTCS |
| 005 - DATE AND TIME OF LATEST TRANSACTION | |
| control field | 20200226111659.0 |
| 008 - FIXED-LENGTH DATA ELEMENTS--GENERAL INFORMATION | |
| fixed length control field | 090819s2008 xna 001 0 eng |
| 020 ## - INTERNATIONAL STANDARD BOOK NUMBER | |
| International Standard Book Number | 9780455224992 (pbk.) |
| 039 #9 - LEVEL OF BIBLIOGRAPHIC CONTROL AND CODING DETAIL [OBSOLETE] | |
| Level of rules in bibliographic description | 200910161640 |
| Level of effort used to assign nonsubject heading access points | azura |
| Level of effort used to assign subject headings | 200910151641 |
| Level of effort used to assign classification | mas |
| -- | 200908191552 |
| -- | chon ling |
| 082 04 - DEWEY DECIMAL CLASSIFICATION NUMBER | |
| Classification number | 346.9407 |
| Item number | GAM |
| 100 1# - MAIN ENTRY--PERSONAL NAME | |
| Personal name | Gamble, Roger. |
| 245 10 - TITLE STATEMENT | |
| Title | Principles of business law / |
| Statement of responsibility, etc. | Roger Gamble, Jean du Plessis, Luke Neal. |
| 250 ## - EDITION STATEMENT | |
| Edition statement | 1st ed. |
| 260 ## - PUBLICATION, DISTRIBUTION, ETC. | |
| Place of publication, distribution, etc. | Pyrmont, N.S.W. : |
| Name of publisher, distributor, etc. | Lawbook Co., |
| Date of publication, distribution, etc. | 2008. |
| 300 ## - PHYSICAL DESCRIPTION | |
| Extent | xxiii, 409 p. ; |
| Dimensions | 25 cm. |
| 500 ## - GENERAL NOTE | |
| General note | Includes index. |
| 590 ## - LOCAL NOTE (RLIN) | |
| Local note | Australian Degree Programme (UNISA): LAWS1002 |
| 650 #0 - SUBJECT ADDED ENTRY--TOPICAL TERM | |
| Topical term or geographic name entry element | Business law |
| Geographic subdivision | Australia. |
| 9 (RLIN) | 8972 |
| 700 1# - ADDED ENTRY--PERSONAL NAME | |
| Personal name | Du Plessis, J. J. |
| 9 (RLIN) | 54328 |
| 700 1# - ADDED ENTRY--PERSONAL NAME | |
| Personal name | Neal, Luke. |
| 920 ## - Programme | |
| Programme | UNISA/3 |
| Withdrawn status | Lost status | Source of classification or shelving scheme | Damaged status | Not for loan | Home library | Current library | Date acquired | Cost, normal purchase price | Total Checkouts | Barcode | Date last seen | Date last checked out | Copy number | Uniform Resource Identifier | Cost, replacement price | Koha item type | Public note |
|---|---|---|---|---|---|---|---|---|---|---|---|---|---|---|---|---|---|
| Withdrawn | Dewey Decimal Classification | Taylor's Library-TU | Taylor's Library-TU | 16/10/2009 | 173.15 | 12 | 5000000530 | 05/12/2019 | 16/05/2013 | 1 | Floor 3, Shelf 9 , Side 2, TierNo 1, BayNo 4 | 173.15 | Main Collection | TBSxx,34007,03,AD | |||
| Dewey Decimal Classification | Taylor's Library-TU | Taylor's Library-TU | 16/10/2009 | 173.15 | 3 | 5000000439 | 10/06/2025 | 29/05/2025 | 1 | Floor 3, Shelf 9 , Side 2, TierNo 4, BayNo 2 | 173.15 | Main Collection | TBSxx,34001,03,AD | ||||
| Dewey Decimal Classification | Taylor's Library-TU | Taylor's Library-TU | 15/10/2009 | 173.15 | 15 | 5000000250 | 05/12/2019 | 30/10/2017 | 1 | Floor 3, Shelf 9 , Side 2, TierNo 3, BayNo 2 | 173.15 | Main Collection | TBSxx,18002,03,AD |